00655cam a22001813a 450000100060000000300060000600500170001200800410002904000150007004200070008510000250009224502060011726000290032350600300035251600200038283000290040285600420043142214PGUSA20140828083943.0130226s2013||||xxu|||||s|||||000 | eng d aPGUSAbeng adc1 aWoodward, R. Pitcher10aOn a Donkey's Hurricane Deck :bA Tempestous Voyage of Four Thousand and Ninety-Six Miles Across the American Continent on a Burro, in 340 Days and 2 Hoursh[electronic resource] /cR. Pitcher Woodward bProject Gutenberg,c2013 aPublic domain in the USA. aElectronic text 0aProject Gutenbergv4221440uhttp://www.gutenberg.org/ebooks/42214